02247cam a2200325 a 45000010008000000030012000080050017000200060019000370070015000560080041000710200029001120350026001410400026001670420008001930430012002010500024002130820027002370840023002641000020002872100018003072450137003252600085004625020006005475060043005535201077005966500033016736500067017067730033017738560115018069695864Nust- CAS-E20180118181408.0m d cr n 120326s2012 maua s 001 0 eng d a9781118016213 (hardback) a(WaSeSS)ssj0000703012 aDLCcDLCdDLCdWaSeSS apcc an-us--- 4aTJ809.95b.G78 201200a621.47223bGRU-T 2012 aTEC0310002bisacsh1 aGrupp, Michael.10aTime to shine10aTime to shineh[electronic resource] :bapplications of solar energy technology /cMichael Grupp. ; with Marlett Balmer ... [et al.] aBeverly, MA :bScrivener Pub. ;aHoboken, N.J. :bCo-published by Wiley,cc2012. a0 aLicense restrictions may limit access. a"Solar energy has been the "new" energy for a long time. As this technology becomes a larger and larger piece of the energy spectrum, it is increasingly important for engineers, scientists, managers, and other decision-makers to understand solar energy technology and its applications. This book, written in easy-to-understand language, with plentiful color photos and illustrations, is the perfect primer on solar energy for anyone working in the energy industry or just wants to learn more about solar energy technology. With a focus on its current uses in other countries, including developing countries, this book shows examples of actual and potential uses of solar energy right here in the USA. It presents an original view of solar energy technology, as well as tools for the understanding of consequences of energy-related decisions. Parts of this book draw to a large extent on the work of the Synopsis Institute in Lodè€ve (France), a leading research and development firm in the area of solar energy technology and its practical uses in our everyday lives"-- 0aSolar energyzUnited States. 7aTECHNOLOGY & ENGINEERING / Power Resources / General.2bisacsh 0tWiley-Blackwell Online Books40uhttp://www.columbia.edu/cgi-bin/cul/resolve?clio9695864zFull text available from Wiley-Blackwell Online Books